000 01508nam a22002657a 4500
999 _c58460
_d58460
003 Ge_BSU
005 20220322122750.0
008 220322s2020 ge ||||| |||| 00| 0 geo d
020 _a9789941257339
041 _ageo
080 _a343.9 თ-67
100 _aთოდრია, გიორგი
_92886
245 _aკრიმინოლოგიური შემეცნების პრობლემები /
_cგიორგი თოდრია; რედ. გოჩა ფერაძე; თინათინ წერეთლის სახელმწიფოსა და სამართლის ინსტიტუტი
264 _aთბილისი :
_bმერიდიანი,
_c2020.
300 _a503 გვ.:
_bსურ.;
_c21 სმ.
500 _aეძღვნება მეუღლის გაია თოდრიას ხსოვნას
501 _aპარალ. სათ. ინგლ. და რუს. ენ.
504 _aგ.თოდრიას ნაშრომთა ბიბლიოგრ. გვ.496-503
653 _aკრიმინოლოგია
653 _aსამართალი
700 _aფერაძე, გოჩა
_eრედაქტორი
_94434
710 _aთინათინ წერეთლის სახელმწიფოსა და სამართლის ინსტიტუტი
_94435
773 _tნაჩუქარი
942 _2udc
_cBK